000 00569nam a2200193Ia 4500
999 _c10065
_d10065
003 OSt
005 20191230133130.0
008 190216s9999||||xx |||||||||||||| ||und||
020 _a9780333593851
040 _coclc
082 _a330
_bHAR/M
100 _aHarvey, Jack
_9888
245 0 _aModern Economics :an introduction for business and professional students /
_cJack Harvey
250 _a6th ed.
260 _bMacmillan India Ltd,
_c1993.
_aLondon:
300 _a558p
650 _aEconomics
942 _cBK
_2ddc
_h330
_iHAR/M
_k330
_mHAR/M